01136nam a2200193Ia 4500001001100000003001000011008004100021040002500062041001300087100004400100245006000144250001100204260006500215300001200280500025100292501011400543520025100657650003400908L251-17891IT-CnALBA170116s9999||||xx |||||||||||||| ||und|| aIT-CnALBAcIT-CnALBA aITALIANO aCAMPANALE ANGELO, PRETE DELLA MISSIONE. 0aPRAEDICA VERBUM. TRE SERIE DI QUARESIMALI SETTIMANALI.  a1a ed. aTORINObSACRO CUORE. LIBRERIA. BERRUTIc1931 [1° Ed.: n.d.] a150 p.  aQUARESIMA. CENERI. MORTE. DIGIUNO. TENTAZIONI. BEATITUDINI. DIVINA PROVVIDENZA. PASSIONE MORTE E RESURREZIONE DI GESÙ. PAPA. PURGATORIO. PECCATO MORTALE. AGONIA. TRADIMENTO. REGALITÀ DI CRISTO. ADDOLORATA. LE SETTE PAROLE DI GESÙ IN CROCE.  aSocietà San Paolo EM - Piazza San Paolo, 14 - 12051 ALBA (CN) (non commercial uses only) ® Copyright 2017 aQUARESIMA. CENERI. MORTE. DIGIUNO. TENTAZIONI. BEATITUDINI. DIVINA PROVVIDENZA. PASSIONE MORTE E RESURREZIONE DI GESÙ. PAPA. PURGATORIO. PECCATO MORTALE. AGONIA. TRADIMENTO. REGALITÀ DI CRISTO. ADDOLORATA. LE SETTE PAROLE DI GESÙ IN CROCE.  aPREDICAZIONE - ORATORIA SACRA